| 000 | 00457nam a2200169Ia 4500 | ||
|---|---|---|---|
| 003 | GCL | ||
| 008 | 140319s9999 xx 000 0 eng d | ||
| 040 |
_aGCL / _cGCL |
||
| 082 | 0 | 4 |
_a540 _bB C |
| 100 | 1 | _aBRADY, JAMES E. | |
| 245 | 1 | 0 |
_aCHEMISTRY: THE STUDY OF MATTER AND ITS CHANGES / _cBRADY, JAMES E. |
| 700 | 1 | _aHOLUM, JOHN R. | |
| 260 |
_a[S.N] : _bJOHN WILEY AND SONS. INC ، _c1992 |
||
| 300 | _a1109\P | ||
| 650 | 0 | 4 | _aCHEMISTRY |
| 942 |
_2ddc _cBK |
||
| 999 |
_c19922 _d19922 |
||